Central Library OPAC University of Rajshahi

Italian commercial policies in the 1970s / (Record no. 30063)

MARC details
000 -LEADER
fixed length control field 00843nam a2200265 a 4500
001 - CONTROL NUMBER
control field 30063
003 - CONTROL NUMBER IDENTIFIER
rucl marc code BD-RjUL
005 - DATE AND TIME OF LATEST TRANSACTION
control field 20211209051515.0
008 - FIXED-LENGTH DATA ELEMENTS--GENERAL INFORMATION
fixed length control field 810731s1980 dcu b 000 0 eng
035 ## - SYSTEM CONTROL NUMBER
System control number (BD-RjUL)30148
040 ## - CATALOGING SOURCE
Original cataloging agency DLC
Transcribing agency DLC
Modifying agency DLC
Language of cataloging eng
041 ## - LANGUAGE CODE
Language code of text/sound track or separate title eng
082 00 - DEWEY DECIMAL CLASSIFICATION NUMBER
Classification number 382.30945
Edition number 19
Author mark and year GRI 1980
100 1# - MAIN ENTRY--PERSONAL NAME
Personal name Grilli, Enzo R.
9 (RLIN) 91436
245 10 - TITLE STATEMENT
Title Italian commercial policies in the 1970s /
Statement of responsibility, etc. prepared by Enzo Grilli.
260 ## - PUBLICATION, DISTRIBUTION, ETC. (IMPRINT)
Place of publication, distribution, etc. Washington, D.C. (1818 H St., N.W., Washington, D.C. 20433) :
Name of publisher, distributor, etc. World Bank,
Date of publication, distribution, etc. c1980.
300 ## - PHYSICAL DESCRIPTION
Pagination 47 p. :
Illustrations Ill. ;
Size 28 cm.
500 ## - GENERAL NOTE
General note Cover title.
504 ## - BIBLIOGRAPHY, ETC. NOTE
Bibliography, etc Includes bibliographical references.
651 #0 - SUBJECT ADDED ENTRY--GEOGRAPHIC NAME
Geographic name Italy
General subdivision Commercial policy.
9 (RLIN) 91437
942 ## - ADDED ENTRY ELEMENTS (KOHA)
Source of classification or shelving scheme Dewey Decimal Classification
Koha item type Documents
Holdings
Lost status Source of classification or shelving scheme Damaged status Not for loan Collection code Permanent Location Current Location Shelving location Date acquired Source of acquisition Cost, normal purchase price Total Checkouts Full call number Date last seen Copy number Koha item type
  Dewey Decimal Classification   Added to bundle Non-fiction Central Library, University of Rajshahi Central Library, University of Rajshahi Documentation Section 25/08/1987 World Bank 0.00   DOC 382.30945 GRI 1980 08/04/2014 C-1 Documents